000 00371nam a2200145Ia 4500
005 20250701014645.0
008 240331s9999 xx 000 0 und d
082 _bKAR
_a891
100 _aKarunarathne,W.S
245 0 _aSinhala shila lekhana
260 _aColombo
_bM.D.Gunasena Book & Publishers
_c1960
300 _a60 p .,
650 _aSinhala Inscription
942 _cL
999 _c4854
_d4854